Actors who worked with the Russo Brothers - Statistics

General Stats
  • This quiz has been taken 108 times
    80 since last reset
  • The average score is 29 of 103
Answer Stats
Films Answer % Correct
Avengers: Infinity War, Avengers: Endgame, Captain America: The Winter Soldier, Captain America: Civil War, The Gray Man Chris Evans
100%
Avengers: Infinity War, Avengers: Endgame, Captain America: Civil War Robert Downey Jr.
100%
Avengers: Infinity War, Avengers: Endgame Josh Brolin
96%
Avengers: Infinity War, Avengers: Endgame, Captain America: The Winter Soldier, Captain America: Civil War Scarlett Johansson
96%
Avengers: Infinity War, Avengers: Endgame, Captain America: Civil War, Cherry Tom Holland
96%
Avengers: Endgame Brie Larson
92%
Avengers: Infinity War, Avengers: Endgame Chris Hemsworth
92%
Avengers: Infinity War, Avengers: Endgame, The Electric State Chris Pratt
92%
Avengers: Infinity War, Avengers: Endgame Vin Diesel
92%
Avengers: Infinity War, Avengers: Endgame, Captain America: The Winter Soldier, The Electric State Anthony Mackie
88%
Avengers: Infinity War, Avengers: Endgame Bradley Cooper
88%
Avengers: Infinity War, Avengers: Endgame Mark Ruffalo
88%
Avengers: Infinity War, Avengers: Endgame, Captain America: Civil War Chadwick Boseman
83%
Avengers: Infinity War, Avengers: Endgame, Captain America: Civil War Elizabeth Olsen
83%
Avengers: Infinity War, Avengers: Endgame, Captain America: The Winter Soldier, Captain America: Civil War Sebastian Stan
83%
Avengers: Infinity War, Avengers: Endgame Zoe Saldana
83%
Avengers: Endgame, Captain America: Civil War Jeremy Renner
79%
Avengers: Endgame, Captain America: Civil War Paul Rudd
79%
Avengers: Infinity War, Avengers: Endgame Benedict Cumberbatch
71%
Avengers: Infinity War, Avengers: Endgame Dave Bautista
71%
Avengers: Infinity War, Avengers: Endgame Don Cheadle
71%
Avengers: Infinity War, Avengers: Endgame, Captain America: The Winter Soldier Samuel L. Jackson
71%
Avengers: Infinity War, Avengers: Endgame Tom Hiddleston
67%
The Gray Man Ryan Gosling
63%
Avengers: Infinity War, Captain America: Civil War Paul Bettany
54%
Avengers: Infinity War, Avengers: Endgame Benedict Wong
50%
Avengers: Endgame Tessa Thompson
50%
The Gray Man Ana de Armas
46%
Avengers: Endgame Natalie Portman
42%
Avengers: Infinity War, Avengers: Endgame Gwyneth Paltrow
38%
Avengers: Infinity War Idris Elba
38%
Avengers: Endgame, You, Me and Dupree Michael Douglas
38%
The Electric State Millie Bobby Brown
38%
Avengers: Infinity War, Avengers: Endgame Karen Gillan
33%
Avengers: Endgame Michelle Pfeiffer
33%
Captain America: Civil War Martin Freeman
29%
Avengers: Endgame, Captain America: The Winter Soldier Robert Redford
29%
Avengers: Infinity War, Avengers: Endgame, Captain America: Civil War William Hurt
29%
Avengers: Endgame Evangeine Lilly
25%
Avengers: Endgame Jon Favreau
25%
Captain America: The Winter Soldier Toby Jones
25%
Avengers: Infinity War, Avengers: Endgame, Captain America: The Winter Soldier Cobie Smulders
21%
You, Me and Dupree Owen Wilson
21%
Avengers: Endgame Tilda Swinton
21%
Avengers: Endgame, Captain America: The Winter Soldier, Captain America: Civil War Frank Grillo
17%
Avengers: Infinity War Peter Dinklage
17%
Avengers: Infinity War, Avengers: Endgame Pom Klementieff
17%
Avengers: Endgame Angela Bassett
13%
Captain America: Civil War Daniel Brühl
13%
Avengers: Endgame, Captain America: The Winter Soldier Hayley Atwell
13%
Avengers: Infinity War, Avengers: Endgame Letitia Wright
13%
Avengers: Infinity War, Avengers: Endgame Danai Gurira
8%
Avengers: Endgame, Captain America: Civil War John Slattery
8%
Avengers: Infinity War, Avengers: Endgame Winston Duke
8%
The Electric State Woody Harrelson
8%
Avengers: Infinity War Benicio del Toro
4%
The Gray Man Billy Bob Thornton
4%
Cherry Ciara Bravo
4%
Captain America: The Winter Soldier, Captain America: Civil War Emily VanCamp
4%
Welcome to Collinwood George Clooney
4%
Captain America: Civil War Hope Davis
4%
Welcome to Collinwood Isaiah Washington
4%
Avengers: Infinity War, Avengers: Endgame Jacob Batalon
4%
The Electric State Jason Alexander
4%
The Electric State Jenny Slate
4%
Captain America: Civil War John Kani
4%
The Electric State Ke Huy Quan
4%
Avengers: Endgame Ken Jeong
4%
Avengers: Endgame, Captain America: Civil War Marisa Tomei
4%
You, Me and Dupree Matt Dillon
4%
Avengers: Endgame Rene Russo
4%
The Electric State Stanley Tucci
4%
The Electric State Alan Tudyk
0%
Captain America: Civil War, The Gray Man Alfre Woodard
0%
Avengers: Infinity War Ariana Greenblatt
0%
You, Me and Dupree Bill Hader
0%
The Electric State Brian Cox
0%
The Electric State Colman Domingo
0%
Avengers: Endgame Emma Fuhrmann
0%
Avengers: Infinity War, Captain America: Civil War Florence Kasumba
0%
Welcome to Collinwood Gabrielle Union
0%
The Electric State Giancarlo Esposito
0%
The Electric State Hank Azaria
0%
The Electric State Holly Hunter
0%
Cherry Jack Reynor
0%
Avengers: Endgame James D'Arcy
0%
The Gray Man Jessica Henwick
0%
The Gray Man Julia Butters
0%
You, Me and Dupree Kate Hudson
0%
Avengers: Endgame Lexi Rabe
0%
Avengers: Endgame Linda Cardellini
0%
Avengers: Endgame, Captain America: The Winter Soldier Maximiliano Hernández
0%
Welcome to Collinwood Michael Jeter
0%
Cherry Michael Rispoli
0%
Welcome to Collinwood Patricia Clarkson
0%
The Gray Man Regé-Jean Page
0%
Welcome to Collinwood Sam Rockwell
0%
You, Me and Dupree Seth Rogen
0%
The Gray Man Shea Whigham
0%
Avengers: Endgame Ty Simpkins
0%
The Gray Man Wagner Moura
0%
Welcome to Collinwood William H. Macy
0%
The Electric State Woody Norman
0%
No matching quizzes found
Score Distribution
Percent of People with Each Score
Percentile by Number Answered
Your Score History
You have not taken this quiz since the last reset